[Event "Deutsche Ländermeisterschaft 2023"]
[Site "Hannover GER"]
[Date "2023.10.03"]
[Round "5"]
[White "Weishäutel, Moritz"]
[Black "Farokhi, Keyvan"]
[Result "1/2-1/2"]
[Termination "normal"]
[Board "3.1"]
[WhiteTitle "FM"]
[BlackTitle "FM"]
[WhiteElo "2403"]
[BlackElo "2266"]
[WhiteClock "01:03:03"]
[BlackClock "01:12:06"]
[WhiteTeam "Thüringen"]
[BlackTeam "Schleswig-Holstein"]
[PlyCount "47"]
[WhiteFideId "12967300"]
[BlackFideId "12998630"]
[EventCountry "GER"]
[EventRounds "7"]
[EventType "team-swiss"]
[EventDate "2023.09.30"]

1. d4 {[%clk 01:30:58]} {[%emt 00:00:01]} Nf6 {[%clk 01:30:50]} {[%emt
00:00:09]} 2. c4 {[%clk 01:31:24]} {[%emt 00:00:06]} g6 {[%clk 01:31:15]}
{[%emt 00:00:04]} 3. Nc3 {[%clk 01:29:32]} {[%emt 00:02:21]} d5 {[%clk
01:31:37]} {[%emt 00:00:08]} 4. Nf3 {[%clk 01:29:29]} {[%emt 00:00:35]} Bg7
{[%clk 01:32:00]} {[%emt 00:00:06]} 5. Qb3 {[%clk 01:29:41]} {[%emt 00:00:18]}
dxc4 {[%clk 01:31:48]} {[%emt 00:00:40]} 6. Qxc4 {[%clk 01:30:08]} {[%emt
00:00:05]} O-O {[%clk 01:31:02]} {[%emt 00:01:14]} 7. e4 {[%clk 01:30:29]}
{[%emt 00:00:11]} Nc6 {[%clk 01:31:05]} {[%emt 00:00:26]} 8. Be2 {[%clk
01:30:20]} {[%emt 00:00:39]} e5 {[%clk 01:31:28]} {[%emt 00:00:07]} 9. d5
{[%clk 01:30:43]} {[%emt 00:00:07]} Nd4 {[%clk 01:31:52]} {[%emt 00:00:05]} 10.
Nxd4 {[%clk 01:30:51]} {[%emt 00:00:24]} exd4 {[%clk 01:32:19]} {[%emt
00:00:02]} 11. Qxd4 {[%clk 01:31:10]} {[%emt 00:00:11]} c6 {[%clk 01:32:43]}
{[%emt 00:00:06]} 12. Qc4 {[%clk 01:31:21]} {[%emt 00:00:19]} b5 {[%clk
01:33:01]} {[%emt 00:00:11]} 13. Qxc6 {[%clk 01:31:27]} {[%emt 00:00:25]} Bd7
{[%clk 01:33:24]} {[%emt 00:00:07]} 14. Qd6 {[%clk 01:31:38]} {[%emt 00:00:20]}
Re8 {[%clk 01:32:21]} {[%emt 00:01:31]} 15. e5 {[%clk 01:30:06]} {[%emt
00:02:03]} b4 {[%clk 01:30:48]} {[%emt 00:02:02]} 16. Qxb4 {[%clk 01:29:26]}
{[%emt 00:01:11]} Rxe5 {[%clk 01:30:52]} {[%emt 00:00:26]} 17. O-O {[%clk
01:23:10]} {[%emt 00:06:47]} a5 {[%clk 01:30:28]} {[%emt 00:00:53]} 18. Qa3
{[%clk 01:18:11]} {[%emt 00:05:28]} Nxd5 {[%clk 01:24:41]} {[%emt 00:06:16]}
19. Nxd5 {[%clk 01:17:27]} {[%emt 00:01:17]} Rxe2 {[%clk 01:24:54]} {[%emt
00:00:15]} 20. Qf3 {[%clk 01:11:54]} {[%emt 00:06:04]} Re8 {[%clk 01:16:40]}
{[%emt 00:08:43]} 21. Nc3 {[%clk 01:10:11]} {[%emt 00:02:14]} Qb6 {[%clk
01:11:51]} {[%emt 00:05:18]} 22. Nd5 {[%clk 01:06:37]} {[%emt 00:04:04]} Qd8
{[%clk 01:11:42]} {[%emt 00:00:37]} 23. Nc3 {[%clk 01:06:02]} {[%emt 00:01:07]}
Qb6 {[%clk 01:12:06]} {[%emt 00:00:06]} 24. Nd5 {[%clk 01:03:03]} {[%emt
00:03:30]} 1/2-1/2

[Event "Deutsche Ländermeisterschaft 2023"]
[Site "Hannover GER"]
[Date "2023.10.03"]
[Round "5"]
[White "Bosselmann, Tom Linus"]
[Black "Müller, Magnus"]
[Result "1/2-1/2"]
[Termination "normal"]
[Board "3.2"]
[WhiteElo "2141"]
[BlackElo "2180"]
[WhiteClock "00:08:07"]
[BlackClock "00:43:59"]
[WhiteTeam "Schleswig-Holstein"]
[BlackTeam "Thüringen"]
[PlyCount "79"]
[WhiteFideId "12983845"]
[BlackFideId "16230060"]
[EventCountry "GER"]
[EventRounds "7"]
[EventType "team-swiss"]
[EventDate "2023.09.30"]

1. e4 {[%clk 01:30:55]} c6 {[%clk 01:30:04]} {[%emt 00:01:00]} 2. Nc3 {[%clk
01:31:18]} {[%emt 00:00:07]} d5 {[%clk 01:30:28]} {[%emt 00:00:06]} 3. Nf3
{[%clk 01:31:44]} {[%emt 00:00:03]} dxe4 {[%clk 01:30:17]} {[%emt 00:00:41]} 4.
Nxe4 {[%clk 01:32:08]} {[%emt 00:00:06]} Nf6 {[%clk 01:30:42]} {[%emt
00:00:05]} 5. Qe2 {[%clk 01:31:32]} {[%emt 00:01:06]} Nxe4 {[%clk 01:30:56]}
{[%emt 00:00:15]} 6. Qxe4 {[%clk 01:31:56]} {[%emt 00:00:07]} Nd7 {[%clk
01:31:20]} {[%emt 00:00:03]} 7. Bc4 {[%clk 01:31:40]} {[%emt 00:00:49]} Nf6
{[%clk 01:31:41]} {[%emt 00:00:09]} 8. Ne5 {[%clk 01:32:04]} {[%emt 00:00:06]}
e6 {[%clk 01:32:06]} {[%emt 00:00:05]} 9. Qe2 {[%clk 01:32:30]} {[%emt
00:00:04]} b5 {[%clk 01:32:06]} {[%emt 00:00:30]} 10. Bd3 {[%clk 01:32:56]}
{[%emt 00:00:04]} Qc7 {[%clk 01:32:25]} {[%emt 00:00:11]} 11. a4 {[%clk
01:28:55]} {[%emt 00:04:31]} Bd6 {[%clk 01:32:23]} {[%emt 00:00:32]} 12. Nxc6
{[%clk 01:27:28]} {[%emt 00:01:57]} b4 {[%clk 01:32:50]} {[%emt 00:00:03]} 13.
Nd4 {[%clk 01:26:41]} {[%emt 00:01:16]} a6 {[%clk 01:33:17]} {[%emt 00:00:04]}
14. Nf5 {[%clk 01:23:48]} {[%emt 00:03:23]} Be5 {[%clk 01:32:45]} {[%emt
00:01:03]} 15. Nxg7+ {[%clk 01:22:22]} {[%emt 00:01:55]} Kf8 {[%clk 01:32:28]}
{[%emt 00:00:47]} 16. Nh5 {[%clk 01:22:46]} {[%emt 00:00:06]} Nxh5 {[%clk
01:32:52]} {[%emt 00:00:07]} 17. Qxh5 {[%clk 01:23:10]} {[%emt 00:00:06]} Bb7
{[%clk 01:33:16]} {[%emt 00:00:06]} 18. Qh4 {[%clk 01:20:01]} {[%emt 00:03:39]}
Rg8 {[%clk 01:33:39]} {[%emt 00:00:07]} 19. Bf1 {[%clk 01:16:19]} {[%emt
00:04:12]} a5 {[%clk 01:09:33]} {[%emt 00:24:36]} 20. d4 {[%clk 01:08:08]}
{[%emt 00:08:41]} Bg7 {[%clk 01:08:31]} {[%emt 00:01:32]} 21. Bd3 {[%clk
01:02:31]} {[%emt 00:06:08]} e5 {[%clk 01:06:46]} {[%emt 00:02:15]} 22. f3
{[%clk 00:35:24]} {[%emt 00:27:37]} b3 {[%clk 00:55:36]} {[%emt 00:11:39]} 23.
O-O {[%clk 00:32:02]} {[%emt 00:03:51]} Ba6 {[%clk 00:54:18]} {[%emt 00:01:48]}
24. Qe4 {[%clk 00:30:26]} {[%emt 00:02:05]} Bb7 {[%clk 00:54:10]} {[%emt
00:00:39]} 25. Qh4 {[%clk 00:30:06]} {[%emt 00:00:50]} Ba6 {[%clk 00:52:35]}
{[%emt 00:02:05]} 26. Qe4 {[%clk 00:27:07]} {[%emt 00:03:28]} Bb7 {[%clk
00:52:20]} {[%emt 00:00:46]} 27. d5 {[%clk 00:26:52]} {[%emt 00:00:45]} bxc2
{[%clk 00:52:01]} {[%emt 00:00:49]} 28. Be3 {[%clk 00:26:12]} {[%emt 00:01:09]}
Qd6 {[%clk 00:47:46]} {[%emt 00:04:45]} 29. Bc4 {[%clk 00:25:25]} {[%emt
00:01:17]} Rc8 {[%clk 00:47:40]} {[%emt 00:00:35]} 30. f4 {[%clk 00:22:58]}
{[%emt 00:02:58]} Bh6 {[%clk 00:46:56]} {[%emt 00:01:14]} 31. b3 {[%clk
00:12:09]} {[%emt 00:11:19]} exf4 {[%clk 00:46:41]} {[%emt 00:00:45]} 32. Bxf4
{[%clk 00:12:20]} {[%emt 00:00:19]} Bxf4 {[%clk 00:45:49]} {[%emt 00:01:22]}
33. Qxf4 {[%clk 00:09:54]} {[%emt 00:02:56]} Qc5+ {[%clk 00:44:33]} {[%emt
00:01:46]} 34. Qf2 {[%clk 00:09:41]} {[%emt 00:00:43]} Bxd5 {[%clk 00:44:31]}
{[%emt 00:00:32]} 35. Qxc5+ {[%clk 00:08:46]} {[%emt 00:01:24]} Rxc5 {[%clk
00:42:32]} {[%emt 00:02:29]} 36. Bxd5 {[%clk 00:06:48]} {[%emt 00:02:29]} Rxd5
{[%clk 00:42:59]} {[%emt 00:00:03]} 37. Rac1 {[%clk 00:07:06]} {[%emt
00:00:12]} Rd2 {[%clk 00:43:14]} {[%emt 00:00:15]} 38. Rf2 {[%clk 00:07:27]}
{[%emt 00:00:09]} Rd1+ {[%clk 00:43:37]} {[%emt 00:00:07]} 39. Rf1 {[%clk
00:07:48]} {[%emt 00:00:08]} Rd2 {[%clk 00:43:59]} {[%emt 00:00:08]} 40. Rf2
{[%clk 00:08:07]} {[%emt 00:00:12]} 1/2-1/2

[Event "Deutsche Ländermeisterschaft 2023"]
[Site "Hannover GER"]
[Date "2023.10.03"]
[Round "5"]
[White "Bock, Marlon"]
[Black "Malinowsky, Levi"]
[Result "1/2-1/2"]
[Termination "normal"]
[Board "3.3"]
[WhiteElo "1984"]
[BlackElo "2151"]
[WhiteClock "00:29:11"]
[BlackClock "00:39:52"]
[WhiteTeam "Thüringen"]
[BlackTeam "Schleswig-Holstein"]
[PlyCount "47"]
[WhiteFideId "16244931"]
[BlackFideId "16253094"]
[EventCountry "GER"]
[EventRounds "7"]
[EventType "team-swiss"]
[EventDate "2023.09.30"]

1. d4 {[%clk 01:30:58]} {[%emt 00:00:01]} Nf6 {[%clk 01:30:50]} {[%emt
00:00:09]} 2. c4 {[%clk 01:31:25]} {[%emt 00:00:04]} g6 {[%clk 01:30:56]}
{[%emt 00:00:23]} 3. Nc3 {[%clk 01:31:50]} {[%emt 00:00:05]} d5 {[%clk
01:31:08]} {[%emt 00:00:18]} 4. cxd5 {[%clk 01:32:16]} {[%emt 00:00:05]} Nxd5
{[%clk 01:31:32]} {[%emt 00:00:06]} 5. e4 {[%clk 01:32:41]} {[%emt 00:00:05]}
Nxc3 {[%clk 01:31:57]} {[%emt 00:00:05]} 6. bxc3 {[%clk 01:33:08]} {[%emt
00:00:03]} Bg7 {[%clk 01:32:12]} {[%emt 00:00:15]} 7. Nf3 {[%clk 01:33:32]}
{[%emt 00:00:06]} c5 {[%clk 01:32:23]} {[%emt 00:00:20]} 8. Rb1 {[%clk
01:33:50]} {[%emt 00:00:12]} O-O {[%clk 01:31:10]} {[%emt 00:01:42]} 9. Be2
{[%clk 01:34:08]} {[%emt 00:00:12]} cxd4 {[%clk 01:30:00]} {[%emt 00:01:40]}
10. cxd4 {[%clk 01:34:31]} {[%emt 00:00:06]} Qa5+ {[%clk 01:29:40]} {[%emt
00:00:49]} 11. Qd2 {[%clk 01:34:52]} {[%emt 00:00:10]} Qxd2+ {[%clk 01:27:48]}
{[%emt 00:02:22]} 12. Bxd2 {[%clk 01:35:16]} {[%emt 00:00:06]} Rd8 {[%clk
01:22:40]} {[%emt 00:05:37]} 13. d5 {[%clk 01:34:03]} {[%emt 00:01:43]} e6
{[%clk 01:14:57]} {[%emt 00:08:14]} 14. Bc4 {[%clk 01:31:48]} {[%emt 00:02:45]}
b6 {[%clk 00:52:12]} {[%emt 00:23:15]} 15. O-O {[%clk 01:14:00]} {[%emt
00:18:17]} Ba6 {[%clk 00:50:56]} {[%emt 00:01:46]} 16. Bxa6 {[%clk 01:13:49]}
{[%emt 00:00:42]} Nxa6 {[%clk 00:51:23]} {[%emt 00:00:02]} 17. dxe6 {[%clk
01:14:08]} {[%emt 00:00:12]} fxe6 {[%clk 00:51:24]} {[%emt 00:00:29]} 18. Be3
{[%clk 01:10:59]} {[%emt 00:03:39]} Nc5 {[%clk 00:44:22]} {[%emt 00:07:32]} 19.
Bxc5 {[%clk 01:03:45]} {[%emt 00:07:44]} bxc5 {[%clk 00:44:32]} {[%emt
00:00:19]} 20. Rfc1 {[%clk 01:02:01]} {[%emt 00:02:13]} Rab8 {[%clk 00:42:25]}
{[%emt 00:02:38]} 21. Kf1 {[%clk 00:55:43]} {[%emt 00:06:48]} Bd4 {[%clk
00:39:04]} {[%emt 00:03:51]} 22. Rxb8 {[%clk 00:45:20]} {[%emt 00:10:53]} Rxb8
{[%clk 00:39:24]} {[%emt 00:00:10]} 23. Nxd4 {[%clk 00:44:26]} {[%emt
00:01:25]} cxd4 {[%clk 00:39:52]} {[%emt 00:00:02]} 24. g3 {[%clk 00:29:11]}
{[%emt 00:15:44]} 1/2-1/2

[Event "Deutsche Ländermeisterschaft 2023"]
[Site "Hannover GER"]
[Date "2023.10.03"]
[Round "5"]
[White "Guo, Philipp Ziming"]
[Black "Aniol, Nico"]
[Result "1-0"]
[Termination "normal"]
[Board "3.4"]
[WhiteElo "1985"]
[BlackElo "1748"]
[WhiteClock "00:01:54"]
[BlackClock "00:05:50"]
[WhiteTeam "Schleswig-Holstein"]
[BlackTeam "Thüringen"]
[PlyCount "199"]
[WhiteFideId "16245199"]
[BlackFideId "16287096"]
[EventCountry "GER"]
[EventRounds "7"]
[EventType "team-swiss"]
[EventDate "2023.09.30"]

1. e4 {[%clk 01:30:56]} {[%emt 00:00:03]} c6 {[%clk 01:30:56]} {[%emt
00:00:05]} 2. d4 {[%clk 01:31:11]} {[%emt 00:00:14]} d5 {[%clk 01:31:21]}
{[%emt 00:00:05]} 3. e5 {[%clk 01:31:31]} {[%emt 00:00:10]} Bf5 {[%clk
01:31:15]} {[%emt 00:00:36]} 4. Nf3 {[%clk 01:31:49]} {[%emt 00:00:10]} e6
{[%clk 01:30:16]} {[%emt 00:01:31]} 5. Be2 {[%clk 01:32:07]} {[%emt 00:00:11]}
h6 {[%clk 01:30:07]} {[%emt 00:00:40]} 6. O-O {[%clk 01:31:42]} {[%emt
00:00:54]} Nd7 {[%clk 01:29:52]} {[%emt 00:00:47]} 7. Nbd2 {[%clk 01:31:09]}
{[%emt 00:01:02]} Ne7 {[%clk 01:29:25]} {[%emt 00:00:57]} 8. Nb3 {[%clk
01:30:50]} {[%emt 00:00:48]} g5 {[%clk 01:28:11]} {[%emt 00:01:45]} 9. a4
{[%clk 01:26:51]} {[%emt 00:04:28]} Bg7 {[%clk 01:25:55]} {[%emt 00:02:47]} 10.
Ne1 {[%clk 01:21:58]} {[%emt 00:05:23]} Bh7 {[%clk 01:21:11]} {[%emt 00:05:14]}
11. a5 {[%clk 01:15:07]} {[%emt 00:07:21]} Ng6 {[%clk 01:19:08]} {[%emt
00:02:33]} 12. Nd3 {[%clk 01:13:16]} {[%emt 00:02:20]} O-O {[%clk 01:16:25]}
{[%emt 00:03:15]} 13. f4 {[%clk 01:09:27]} {[%emt 00:04:19]} Qe7 {[%clk
01:13:13]} {[%emt 00:03:43]} 14. Bd2 {[%clk 00:59:40]} {[%emt 00:10:16]} Nxf4
{[%clk 01:10:10]} {[%emt 00:03:33]} 15. Nxf4 {[%clk 00:50:04]} {[%emt
00:10:06]} gxf4 {[%clk 01:10:36]} {[%emt 00:00:05]} 16. Bxf4 {[%clk 00:50:17]}
{[%emt 00:00:16]} f6 {[%clk 01:05:27]} {[%emt 00:05:40]} 17. exf6 {[%clk
00:49:33]} {[%emt 00:01:14]} Rxf6 {[%clk 01:04:25]} {[%emt 00:01:33]} 18. Bd3
{[%clk 00:47:37]} {[%emt 00:02:25]} Raf8 {[%clk 01:03:14]} {[%emt 00:01:41]}
19. Bxh7+ {[%clk 00:47:05]} {[%emt 00:01:02]} Kxh7 {[%clk 01:03:36]} {[%emt
00:00:08]} 20. Qd3+ {[%clk 00:46:34]} {[%emt 00:01:01]} Kh8 {[%clk 01:02:16]}
{[%emt 00:01:49]} 21. Qe3 {[%clk 00:42:06]} {[%emt 00:04:58]} Qf7 {[%clk
00:59:52]} {[%emt 00:02:55]} 22. g3 {[%clk 00:41:31]} {[%emt 00:01:04]} Qg6
{[%clk 00:59:59]} {[%emt 00:00:24]} 23. c3 {[%clk 00:36:54]} {[%emt 00:05:07]}
Rf5 {[%clk 00:52:47]} {[%emt 00:07:42]} 24. Rae1 {[%clk 00:34:39]} {[%emt
00:02:44]} Re8 {[%clk 00:52:17]} {[%emt 00:01:01]} 25. Nc1 {[%clk 00:30:51]}
{[%emt 00:04:18]} Nf6 {[%clk 00:46:52]} {[%emt 00:05:55]} 26. Nd3 {[%clk
00:29:40]} {[%emt 00:01:40]} Ng4 {[%clk 00:47:14]} {[%emt 00:00:08]} 27. Qe2
{[%clk 00:25:41]} {[%emt 00:04:29]} Rh5 {[%clk 00:41:05]} {[%emt 00:06:39]} 28.
h4 {[%clk 00:16:53]} {[%emt 00:09:19]} Bf6 {[%clk 00:32:41]} {[%emt 00:08:54]}
29. Rf3 {[%clk 00:15:57]} {[%emt 00:01:25]} Kh7 {[%clk 00:24:20]} {[%emt
00:08:51]} 30. Qg2 {[%clk 00:13:41]} {[%emt 00:02:46]} Rg8 {[%clk 00:23:15]}
{[%emt 00:01:35]} 31. Re2 {[%clk 00:12:53]} {[%emt 00:01:18]} Rg7 {[%clk
00:15:24]} {[%emt 00:08:21]} 32. Kf1 {[%clk 00:09:39]} {[%emt 00:03:45]} Re7
{[%clk 00:12:26]} {[%emt 00:03:28]} 33. Bd6 {[%clk 00:09:00]} {[%emt 00:01:08]}
Re8 {[%clk 00:12:15]} {[%emt 00:00:42]} 34. Nf4 {[%clk 00:08:58]} {[%emt
00:00:32]} Qf5 {[%clk 00:11:44]} {[%emt 00:01:01]} 35. Nxh5 {[%clk 00:08:49]}
{[%emt 00:00:39]} Qxh5 {[%clk 00:11:49]} {[%emt 00:00:25]} 36. Rf4 {[%clk
00:07:48]} {[%emt 00:01:28]} Qg6 {[%clk 00:11:16]} {[%emt 00:01:04]} 37. Qf3
{[%clk 00:06:15]} {[%emt 00:02:03]} h5 {[%clk 00:11:01]} {[%emt 00:00:46]} 38.
Be5 {[%clk 00:05:42]} {[%emt 00:01:03]} Bxe5 {[%clk 00:10:09]} {[%emt
00:01:21]} 39. dxe5 {[%clk 00:06:11]} {[%emt 00:00:01]} Kg7 {[%clk 00:10:32]}
{[%emt 00:00:07]} 40. Kg2 {[%clk 00:05:54]} {[%emt 00:00:46]} Kg8 {[%clk
00:07:47]} {[%emt 00:03:16]} 41. Kh3 {[%clk 00:02:00]} {[%emt 00:04:21]} b6
{[%clk 00:07:06]} {[%emt 00:01:14]} 42. a6 {[%clk 00:00:41]} {[%emt 00:01:49]}
c5 {[%clk 00:07:25]} {[%emt 00:00:11]} 43. Re1 {[%clk 00:26:09]} {[%emt
00:05:01]} Qg7 {[%clk 00:32:30]} {[%emt 00:05:26]} 44. Qe2 {[%clk 00:23:26]}
{[%emt 00:03:12]} c4 {[%clk 00:29:40]} {[%emt 00:03:22]} 45. Kg2 {[%clk
00:14:51]} {[%emt 00:09:04]} Qg6 {[%clk 00:28:07]} {[%emt 00:02:04]} 46. Ref1
{[%clk 00:13:21]} {[%emt 00:01:59]} Qg7 {[%clk 00:26:24]} {[%emt 00:02:13]} 47.
Rf7 {[%clk 00:11:15]} {[%emt 00:02:35]} Qxf7 {[%clk 00:26:37]} {[%emt
00:00:18]} 48. Rxf7 {[%clk 00:11:44]} {[%emt 00:00:02]} Kxf7 {[%clk 00:27:03]}
{[%emt 00:00:03]} 49. Qf3+ {[%clk 00:12:06]} {[%emt 00:00:08]} Ke7 {[%clk
00:27:02]} {[%emt 00:00:32]} 50. Qf4 {[%clk 00:12:15]} {[%emt 00:00:21]} Rg8
{[%clk 00:25:14]} {[%emt 00:02:14]} 51. b3 {[%clk 00:11:24]} {[%emt 00:01:25]}
cxb3 {[%clk 00:25:06]} {[%emt 00:00:39]} 52. Qb4+ {[%clk 00:11:43]} {[%emt
00:00:10]} Kf7 {[%clk 00:25:23]} {[%emt 00:00:13]} 53. Qxb3 {[%clk 00:11:46]}
{[%emt 00:00:27]} Nxe5 {[%clk 00:25:49]} {[%emt 00:00:05]} 54. Qd1 {[%clk
00:10:26]} {[%emt 00:01:49]} Rg4 {[%clk 00:24:07]} {[%emt 00:02:13]} 55. Qf1+
{[%clk 00:08:59]} {[%emt 00:01:57]} Ke7 {[%clk 00:24:20]} {[%emt 00:00:16]} 56.
Qc1 {[%clk 00:08:59]} {[%emt 00:00:29]} Nf7 {[%clk 00:23:32]} {[%emt 00:01:19]}
57. Qc2 {[%clk 00:04:08]} {[%emt 00:05:22]} Re4 {[%clk 00:21:56]} {[%emt
00:02:06]} 58. Qd1 {[%clk 00:04:30]} {[%emt 00:00:08]} Rg4 {[%clk 00:22:18]}
{[%emt 00:00:08]} 59. Qd3 {[%clk 00:03:45]} {[%emt 00:01:14]} Re4 {[%clk
00:22:17]} {[%emt 00:00:32]} 60. Qd1 {[%clk 00:03:44]} {[%emt 00:00:31]} Rg4
{[%clk 00:22:30]} {[%emt 00:00:17]} 61. Qe2 {[%clk 00:03:52]} {[%emt 00:00:21]}
Kd6 {[%clk 00:16:29]} {[%emt 00:06:32]} 62. Qb5 {[%clk 00:03:32]} {[%emt
00:00:49]} Rg8 {[%clk 00:16:44]} {[%emt 00:00:16]} 63. Qb4+ {[%clk 00:03:13]}
{[%emt 00:00:49]} Kd7 {[%clk 00:17:01]} {[%emt 00:00:12]} 64. c4 {[%clk
00:03:04]} {[%emt 00:00:41]} Nd6 {[%clk 00:16:13]} {[%emt 00:01:18]} 65. cxd5
{[%clk 00:02:25]} {[%emt 00:01:09]} exd5 {[%clk 00:16:39]} {[%emt 00:00:03]}
66. Qa4+ {[%clk 00:02:22]} {[%emt 00:00:33]} Ke6 {[%clk 00:16:05]} {[%emt
00:01:05]} 67. Qc2 {[%clk 00:02:10]} {[%emt 00:00:40]} Rg7 {[%clk 00:15:46]}
{[%emt 00:00:50]} 68. Qe2+ {[%clk 00:02:01]} {[%emt 00:00:39]} Ne4 {[%clk
00:16:10]} {[%emt 00:00:06]} 69. Qxh5 {[%clk 00:02:10]} {[%emt 00:00:20]} Rxg3+
{[%clk 00:16:28]} {[%emt 00:00:13]} 70. Kh2 {[%clk 00:02:17]} {[%emt 00:00:22]}
Rg7 {[%clk 00:16:34]} {[%emt 00:00:25]} 71. Qh6+ {[%clk 00:02:32]} {[%emt
00:00:15]} Kf7 {[%clk 00:17:00]} {[%emt 00:00:05]} 72. Qc6 {[%clk 00:02:48]}
{[%emt 00:00:13]} Nf6 {[%clk 00:17:19]} {[%emt 00:00:11]} 73. Kh3 {[%clk
00:02:39]} {[%emt 00:00:38]} Rh7 {[%clk 00:16:41]} {[%emt 00:01:09]} 74. Kg3
{[%clk 00:02:36]} {[%emt 00:00:32]} Kg6 {[%clk 00:16:56]} {[%emt 00:00:15]} 75.
Qc2+ {[%clk 00:02:13]} {[%emt 00:00:53]} Kf7 {[%clk 00:15:42]} {[%emt
00:01:44]} 76. Qf5 {[%clk 00:02:32]} {[%emt 00:00:12]} Kg7 {[%clk 00:15:37]}
{[%emt 00:00:36]} 77. Kf3 {[%clk 00:02:06]} {[%emt 00:00:54]} Kf7 {[%clk
00:14:43]} {[%emt 00:01:26]} 78. Qf4 {[%clk 00:02:18]} {[%emt 00:00:16]} Ke6
{[%clk 00:13:50]} {[%emt 00:01:24]} 79. Ke3 {[%clk 00:02:11]} {[%emt 00:00:36]}
Rg7 {[%clk 00:11:26]} {[%emt 00:02:55]} 80. Kd3 {[%clk 00:02:05]} {[%emt
00:00:36]} Nd7 {[%clk 00:09:33]} {[%emt 00:02:24]} 81. Qh6+ {[%clk 00:01:41]}
{[%emt 00:00:53]} Kf7 {[%clk 00:09:59]} {[%emt 00:00:04]} 82. Kd4 {[%clk
00:01:38]} {[%emt 00:00:33]} Nf6 {[%clk 00:09:22]} {[%emt 00:01:07]} 83. Kd3
{[%clk 00:00:48]} {[%emt 00:01:20]} Rg3+ {[%clk 00:08:43]} {[%emt 00:01:09]}
84. Kd4 {[%clk 00:00:44]} {[%emt 00:00:33]} Rg7 {[%clk 00:07:40]} {[%emt
00:01:35]} 85. Qc1 {[%clk 00:01:04]} {[%emt 00:00:09]} Rh7 {[%clk 00:07:26]}
{[%emt 00:00:44]} 86. Qc7+ {[%clk 00:01:03]} {[%emt 00:00:31]} Kg6 {[%clk
00:07:52]} {[%emt 00:00:04]} 87. Qf4 {[%clk 00:01:11]} {[%emt 00:00:21]} Rh5
{[%clk 00:07:13]} {[%emt 00:01:10]} 88. Qg3+ {[%clk 00:01:16]} {[%emt
00:00:25]} Kf5 {[%clk 00:07:36]} {[%emt 00:00:07]} 89. Qd3+ {[%clk 00:00:49]}
{[%emt 00:00:57]} Ke6 {[%clk 00:07:47]} {[%emt 00:00:19]} 90. Qh3+ {[%clk
00:01:04]} {[%emt 00:00:14]} Kf7 {[%clk 00:07:26]} {[%emt 00:00:51]} 91. Qh2
{[%clk 00:01:07]} {[%emt 00:00:26]} Rh7 {[%clk 00:07:49]} {[%emt 00:00:08]} 92.
Qg3 {[%clk 00:01:00]} {[%emt 00:00:36]} Rg7 {[%clk 00:07:20]} {[%emt 00:01:01]}
93. Qc7+ {[%clk 00:01:14]} {[%emt 00:00:15]} Kg6 {[%clk 00:07:38]} {[%emt
00:00:12]} 94. Qf4 {[%clk 00:01:25]} {[%emt 00:00:18]} Rh7 {[%clk 00:05:51]}
{[%emt 00:02:18]} 95. Ke5 {[%clk 00:01:22]} {[%emt 00:00:33]} Re7+ {[%clk
00:06:02]} {[%emt 00:00:19]} 96. Kd6 {[%clk 00:01:40]} {[%emt 00:00:11]} Rh7
{[%clk 00:06:24]} {[%emt 00:00:09]} 97. Ke6 {[%clk 00:01:45]} {[%emt 00:00:24]}
Ne4 {[%clk 00:05:55]} {[%emt 00:01:00]} 98. Qf5 {[%clk 00:01:45]} {[%emt
00:00:30]} Kh6 {[%clk 00:05:24]} {[%emt 00:01:01]} 99. Kxd5 {[%clk 00:01:35]}
{[%emt 00:00:39]} Re7 {[%clk 00:05:50]} {[%emt 00:00:05]} 100. Qf8+ {[%clk
00:01:54]} {[%emt 00:00:10]} 1-0